Cultural competencies for nurses : (Record no. 18482)
[ view plain ]
| 000 -LEADER | |
|---|---|
| fixed length control field | 01949cam a2200349 a 4500 |
| 001 - CONTROL NUMBER | |
| control field | 17438908 |
| 005 - DATE AND TIME OF LATEST TRANSACTION | |
| control field | 20150328153432.0 |
| 008 - FIXED-LENGTH DATA ELEMENTS--GENERAL INFORMATION | |
| fixed length control field | 120821t2014 mauado frbd 001 0 eng d |
| 020 ## - INTERNATIONAL STANDARD BOOK NUMBER | |
| International Standard Book Number | 9781449688073 (pbk.) |
| 020 ## - INTERNATIONAL STANDARD BOOK NUMBER | |
| International Standard Book Number | 1449688071 (pbk.) |
| 020 ## - INTERNATIONAL STANDARD BOOK NUMBER | |
| International Standard Book Number | 9781449687656 |
| 020 ## - INTERNATIONAL STANDARD BOOK NUMBER | |
| International Standard Book Number | 1449687652 |
| 040 ## - CATALOGING SOURCE | |
| Original cataloging agency | DNLM/DLC |
| Language of cataloging | eng |
| Transcribing agency | DLC |
| Modifying agency | YDX |
| -- | NLM |
| -- | YDXCP |
| -- | OCLCO |
| -- | VET |
| -- | LGG |
| -- | CDX |
| -- | FMU |
| -- | OCLCF |
| -- | MJO |
| -- | DLC |
| -- | EG-ScBUE |
| 082 00 - DEWEY DECIMAL CLASSIFICATION NUMBER | |
| Classification number | 362.173 |
| Edition number | 22 |
| Item number | DAY |
| 100 1# - MAIN ENTRY--PERSONAL NAME | |
| Personal name | Dayer-Berenson, Linda. |
| 9 (RLIN) | 36286 |
| 245 10 - TITLE STATEMENT | |
| Title | Cultural competencies for nurses : |
| Remainder of title | impact on health and illness / |
| Statement of responsibility, etc | Linda Dayer-Berenson. |
| 250 ## - EDITION STATEMENT | |
| Edition statement | 2nd ed. |
| 260 ## - PUBLICATION, DISTRIBUTION, ETC. (IMPRINT) | |
| Place of publication, distribution, etc | Burlington : |
| Name of publisher, distributor, etc | Jones & Bartlett Learning, |
| Date of publication, distribution, etc | c.2014. |
| 300 ## - PHYSICAL DESCRIPTION | |
| Extent | xxiv, 416 p. : |
| Other physical details | charts, photographs, tables ; |
| Dimensions | 23 cm. |
| 500 ## - GENERAL NOTE | |
| General note | Glossary : p. 393-398. |
| 500 ## - GENERAL NOTE | |
| General note | Index : p. 401-416. |
| 504 ## - BIBLIOGRAPHY, ETC. NOTE | |
| Bibliography, etc | Includes bibliographical references. |
| 504 ## - BIBLIOGRAPHY, ETC. NOTE | |
| Bibliography, etc | Bibliography : p. 399-400.<br/> |
| 505 0# - FORMATTED CONTENTS NOTE | |
| Formatted contents note | Birth of transcultural nursing theories to current theories and conceptual models for cultural diversity -Culture-Global diversity -Organization for healthcare delivery in the 21st century-Black Americans-Hispanics / Latinos-Asians/Pacific Islanders-Native Americans-Whites (non-Hispanic)-Muslims and Hindus. |
| 520 ## - SUMMARY, ETC. | |
| Summary, etc | "Offers key information regarding health beliefs and the impact of culture on health and illness. This new edition contains an overview of the predominant cultural competency nursing theories, impact of diversity on health disparities, information on the health beliefs of several minority groups, and case studies to enhance student learning. This text is an excellent resource for courses that emphasize health promotion and disease prevention."-- |
| 650 #0 - SUBJECT ADDED ENTRY--TOPICAL TERM | |
| Topical term or geographic name as entry element | Transcultural nursing. |
| 9 (RLIN) | 36287 |
| 650 #0 - SUBJECT ADDED ENTRY--TOPICAL TERM | |
| Topical term or geographic name as entry element | Cross-cultural studies |
| 9 (RLIN) | 36288 |
| 650 #0 - SUBJECT ADDED ENTRY--TOPICAL TERM | |
| Topical term or geographic name as entry element | Nurse and patient. |
| 9 (RLIN) | 12232 |
| 653 ## - INDEX TERM--UNCONTROLLED | |
| Resource For college | Nursing |
| Arrived date list | October2014 |
| -- | March2015 |
| 655 ## - INDEX TERM--GENRE/FORM | |
| Form subdivision | |
| -- | 34232 |
| 942 ## - ADDED ENTRY ELEMENTS (KOHA) | |
| Call number prefix | 362.173 DAY |
| Source of classification or shelving scheme | Dewey Decimal Classification |
| Withdrawn status | Item status | Source of classification or shelving scheme | Damaged status | Not for loan | Vendor | Home library | Current library | Shelving location | Date acquired | Source of acquisition | Cost, normal purchase price | Serial Enumeration / chronology | Total Checkouts | Total Renewals | Full call number | Barcode | Checked out | Date last seen | Date last borrowed | Cost, replacement price | Koha item type |
|---|---|---|---|---|---|---|---|---|---|---|---|---|---|---|---|---|---|---|---|---|---|
| Dewey Decimal Classification | Baccah | Central Library | Central Library | First floor | 21/10/2014 | 296.00 | 20526 | 16 | 33 | 362.173 DAY | 000036751 | 02/02/2023 | 10/05/2017 | 10/05/2017 | 370.00 | Book - Borrowing | |||||
| Dewey Decimal Classification | Baccah | Central Library | Central Library | First floor | 21/10/2014 | 296.00 | 20526 | 19 | 54 | 362.173 DAY | 000036752 | 15/07/2025 | 22/11/2023 | 370.00 | Book - Borrowing | ||||||
| Dewey Decimal Classification | Baccah | Central Library | Central Library | First floor | 28/03/2015 | 296.00 | 22358 | 21 | 59 | 362.173 DAY | 000037834 | 23/11/2025 | 18/11/2025 | 370.00 | Book - Borrowing |